| 000 | 01068cad a22002415a 4500 | ||
|---|---|---|---|
| 001 | E149449 | ||
| 008 | 100308s2008 xxko f 000 0 eng d | ||
| 020 | _a9781848060272 | ||
| 035 | _a(Sirsi) u149449 | ||
| 041 | 0 | _aeng | |
| 100 | 1 | _aAdams, Katherine | |
| 245 | 0 | 0 |
_aSite waste management _bguidance and templates for effective site waste management plans _h[electronic resource] |
| 260 |
_aAmersham _bNHBC Foundation _c2008 |
||
| 490 | 0 |
_aNF _v8 |
|
| 520 | _aGuide which sets out how to deal with onsite waste and provides relevant templates in Excel format. Different sections of the guide are aimed at clients, principal contractors, trade contractors and waste contractors. Discusses legal requirements, compliance and best practice. | ||
| 521 | 2 | _aAdvanced | |
| 651 | 4 |
_aUnited Kingdom _y |
|
| 690 | _aENVIRONMENTAL AND LAND CONSULTANCY-WASTE MANAGEMENT | ||
| 700 | 2 | _aClift, Mike | |
| 700 | 2 | _aZakar, Sziliva | |
| 856 | 4 | 0 |
_uhttps://www.nhbcfoundation.org/Portals/0/NF8_SWMPs.pdf _zView the report free of charge at www.nhbcfoundation.org |
| 942 | _n0 | ||
| 999 |
_c110503 _d110503 |
||